[Event "POR-ch U20"]
[Site "Luso"]
[Date "2017.04.10"]
[Round "4"]
[White "Mendes, Ines Goncalves Alve"]
[Black "Bernardo, Daniel Madureira"]
[Result "0-1"]
[WhiteElo "1543"]
[BlackElo "2035"]
[PlyCount "89"]
[EventDate "2017.04.08"]
[EventType "swiss"]
[EventRounds "7"]
[EventCountry "POR"]
[SourceTitle "EXT 2018"]
[Source "ChessBase"]
[SourceDate "2017.10.13"]
[SourceVersion "1"]
[SourceVersionDate "2017.10.13"]
[SourceQuality "1"]

1. e4 c6 2. d4 d5 3. exd5 cxd5 4. c4 Nf6 5. Nc3 g6 6. Nf3 Bg7 7. Be2 0-0 8. c5 b6 9. b4 a5 10. Na4 bxc5 11. bxc5 Nc6 12. 0-0 Bf5 13. a3 Nd7 14. Bb5 Na7 15. Bxd7 Bxd7 16. Nb6 Rb8 17. Bf4 Rb7 18. Nxd5 Bb5 19. Qb3 a4 20. Qa2 Bxf1 21. Kxf1 Rb3 22. Nb6 Qe8 23. Rd1 Qb5+ 24. Kg1 e6 25. Bd6 Rd8 26. h3 Rxd6 27. cxd6 Qxb6 28. d7 Qd6 29. Rd2 Qxd7 30. Ne5 Qc7 31. Rc2 Rc3 32. Re2 Bxe5 33. Rxe5 Rc1+ 34. Kh2 Re1 35. f4 Rxe5 36. dxe5 h5 37. Qd2 Nc8 38. Qb4 Qd7 39. Qb8 Kg7 40. Qb4 Ne7 41. Qc3 h4 42. Qe1 Nf5 43. Kg1 Qd4+ 44. Qf2 Qd3 45. Qf3 0-1

[Event "POR-ch U20"]
[Site "Luso"]
[Date "2016.07.24"]
[Round "7"]
[White "Oliveira, Tomas Honorio"]
[Black "Mendes, Ines Goncalves Alve"]
[Result "1-0"]
[WhiteElo "1589"]
[BlackElo "1560"]
[PlyCount "91"]
[EventDate "2016.07.20"]
[EventType "swiss"]
[EventRounds "7"]
[EventCountry "POR"]
[SourceTitle "EXT 2018"]
[Source "ChessBase"]
[SourceDate "2017.10.13"]
[SourceVersion "1"]
[SourceVersionDate "2017.10.13"]
[SourceQuality "1"]

1. e4 e5 2. Nf3 Nc6 3. Bb5 a6 4. Bxc6 dxc6 5. 0-0 Bd6 6. h3 Be6 7. d4 exd4 8. Nxd4 Qf6 9. Nxe6 Qxe6 10. Qf3 0-0-0 11. Nc3 f6 12. Bf4 Bxf4 13. Qxf4 Ne7 14. Rad1 g5 15. Qg4 Qxg4 16. hxg4 Ng6 17. f3 h5 18. Rxd8+ Kxd8 19. gxh5 Rxh5 20. Rd1+ Kc8 21. Ne2 Rh7 22. Ng3 Nf4 23. Rd2 Ng6 24. Nf5 Ne5 25. b3 Ng6 26. Ne3 Ne5 27. Kf2 Rd7 28. Rxd7 Kxd7 29. Kg3 Ke6 30. Ng4 Ng6 31. Kf2 c5 32. g3 b5 33. c3 c6 34. Ke3 Ne5 35. Nxe5 Kxe5 36. f4+ gxf4+ 37. gxf4+ Ke6 38. Kf3 Kd6 39. Kg4 Ke6 40. Kh5 Kf7 41. Kh6 a5 42. Kh7 a4 43. Kh6 axb3 44. axb3 Kf8 45. Kg6 Ke7 46. f5 1-0

[Event "POR-ch U18"]
[Site "Luso"]
[Date "2015.07.23"]
[Round "3"]
[White "Silva, Mariana Sofia Teixe"]
[Black "Mendes, Ines Goncalves Alve"]
[Result "1-0"]
[WhiteElo "1733"]
[BlackElo "1471"]
[PlyCount "53"]
[EventDate "2015.07.22"]
[EventType "swiss"]
[EventRounds "7"]
[EventCountry "POR"]
[SourceTitle "EXT 2018"]
[Source "ChessBase"]
[SourceDate "2017.10.13"]
[SourceVersion "1"]
[SourceVersionDate "2017.10.13"]
[SourceQuality "1"]

1. e4 d5 2. exd5 Qxd5 3. Nc3 Qa5 4. d4 c6 5. Bc4 Nf6 6. Nge2 e6 7. 0-0 Bd6 8. Bd2 Qc7 9. Ng3 0-0 10. f4 Nbd7 11. Nce4 c5 12. Nxd6 Qxd6 13. Be3 cxd4 14. Bxd4 Qc6 15. Be2 Re8 16. Bf3 Qc7 17. Ne4 Nxe4 18. Bxe4 e5 19. fxe5 Nxe5 20. Qh5 Ng6 21. Qf3 Ne5 22. Qf4 Re7 23. Rae1 f6 24. Bxe5 Rxe5 25. Bd5+ Kf8 26. Qxe5 Qb6+ 27. Kh1 1-0

[Event "Lisbon Christmas op"]
[Site "Lisbon"]
[Date "2014.12.27"]
[Round "3"]
[White "Turta, Stelian"]
[Black "Mendes, Ines Goncalves Alve"]
[Result "1-0"]
[WhiteElo "1860"]
[BlackElo "1492"]
[PlyCount "83"]
[EventDate "2014.12.26"]
[EventType "swiss"]
[EventRounds "9"]
[EventCountry "POR"]
[SourceTitle "EXT 2018"]
[Source "ChessBase"]
[SourceDate "2017.10.13"]
[SourceVersion "1"]
[SourceVersionDate "2017.10.13"]
[SourceQuality "1"]

1. Nf3 d5 2. d4 Nf6 3. h3 Bf5 4. Bf4 e6 5. e3 c5 6. c3 c4 7. Nbd2 Bd6 8. Ne5 0-0 9. Ndf3 Nh5 10. Bh2 Nf6 11. Be2 Ne4 12. 0-0 f6 13. Ng4 Bxg4 14. hxg4 Nc6 15. Qc2 g5 16. Bxc4 dxc4 17. Qxe4 Bxh2+ 18. Kxh2 Qd6+ 19. Kg1 Kg7 20. Rad1 Rad8 21. Qc2 b5 22. Rd2 Ne7 23. Rfd1 Nd5 24. e4 Nf4 25. e5 Qd5 26. b3 h5 27. gxh5 Rh8 28. exf6+ Kxf6 29. bxc4 bxc4 30. Re1 Nd3 31. Re5 Qc6 32. Rxg5 Rhg8 33. Rxg8 Rxg8 34. Rxd3 cxd3 35. Qxd3 Qd5 36. Qh7 Rg7 37. Qh6+ Kf7 38. Ne5+ Kg8 39. Ng6 Qd6 40. Qh8+ Kf7 41. Ne5+ Kf6 42. Qh6+ 1-0

[Event "POR-ch (Women)"]
[Site "Lisbon"]
[Date "2014.04.16"]
[Round "6"]
[White "Mendes, Ines Goncalves Alve"]
[Black "Correia, Sandra Ventura"]
[Result "0-1"]
[WhiteElo "1478"]
[BlackElo "1781"]
[PlyCount "80"]
[EventDate "2014.04.13"]
[EventType "swiss"]
[EventRounds "6"]
[EventCountry "POR"]
[SourceTitle "EXT 2015"]
[Source "ChessBase"]
[SourceDate "2014.11.20"]
[SourceVersion "1"]
[SourceVersionDate "2014.11.20"]
[SourceQuality "1"]

1. e4 c5 2. Nc3 g6 3. f4 Bg7 4. Nf3 Nc6 5. Bb5 Nd4 6. Nxd4 cxd4 7. Ne2 e6 8. d3 Qa5+ 9. c3 dxc3 10. Nxc3 Bxc3+ 11. bxc3 Qxb5 12. Be3 d6 13. g4 h5 14. g5 Ne7 15. Kd2 Qb2+ 16. Qc2 Qxc2+ 17. Kxc2 Nc6 18. d4 0-0 19. Rhf1 Bd7 20. Rab1 b6 21. Kd3 Rac8 22. e5 dxe5 23. fxe5 Ne7 24. Rfc1 Rc7 25. Bd2 Rfc8 26. c4 Nf5 27. Be1 Bc6 28. Rb2 Rd7 29. Bc3 Rcd8 30. Rd2 Nxd4 31. Ke3 Nf5+ 32. Ke2 Rxd2+ 33. Bxd2 Rd4 34. c5 Bb5+ 35. Kd1 Ne3+ 36. Ke1 Nc4 37. Bc3 Re4+ 38. Kf2 bxc5 39. h3 Nxe5 40. Ba1 Nd3+ 0-1

[Event "EU-ch U16 Girls 23rd"]
[Site "Budva"]
[Date "2013.10.07"]
[Round "8"]
[White "Mendes, Ines Goncalves Alve"]
[Black "Magnusdottir, Veronika Steinunn"]
[Result "1/2-1/2"]
[WhiteElo "1482"]
[BlackElo "1577"]
[PlyCount "113"]
[EventDate "2013.09.29"]
[EventType "swiss"]
[EventRounds "9"]
[EventCountry "MNE"]
[SourceTitle "EXT 2014"]
[Source "ChessBase"]
[SourceDate "2013.11.20"]
[SourceVersion "1"]
[SourceVersionDate "2013.11.20"]
[SourceQuality "1"]

1. e4 c5 2. Nc3 a6 3. f4 b5 4. Nf3 Bb7 5. d3 e6 6. g3 Ne7 7. Bg2 d5 8. e5 Nbc6 9. Ne2 h5 10. Bd2 Nf5 11. Bh3 Nce7 12. Nc3 Qb6 13. Qe2 g6 14. Bg2 Bg7 15. Nd1 h4 16. g4 h3 17. gxf5 hxg2 18. Qxg2 Nxf5 19. Ne3 Nxe3 20. Bxe3 d4 21. Bd2 Kd7 22. Qg3 Rh5 23. Ke2 Rah8 24. h3 Bf8 25. Rh2 Be7 26. c3 Rc8 27. cxd4 cxd4 28. Rc1 Rch8 29. Kf2 Qd8 30. Ke2 Bh4 31. Nxh4 Qxh4 32. Qxh4 Rxh4 33. Bb4 Rxh3 34. Rxh3 Rxh3 35. Rf1 Rh2+ 36. Rf2 Rh1 37. Rf1 Rh2+ 38. Rf2 Rh1 39. Rf1 Rxf1 40. Kxf1 Kc7 41. Bc5 Bd5 42. a3 Bf3 43. Bxd4 Kd7 44. Kf2 Bd1 45. Ke1 Bc2 46. Kd2 Bb1 47. Be3 Kc6 48. Kc3 Kd5 49. Bd4 a5 50. Bb6 b4+ 51. axb4 axb4+ 52. Kd2 b3 53. Ke3 g5 54. fxg5 Kxe5 55. Bd8 Kd5 56. Bf6 e5 57. Bg7 1/2-1/2

[Event "EU-ch U16 Girls 23rd"]
[Site "Budva"]
[Date "2013.09.30"]
[Round "2"]
[White "Mendes, Ines Goncalves Alve"]
[Black "Altshul, Limor"]
[Result "1-0"]
[WhiteElo "1482"]
[BlackElo "1832"]
[PlyCount "143"]
[EventDate "2013.09.29"]
[EventType "swiss"]
[EventRounds "9"]
[EventCountry "MNE"]
[SourceTitle "EXT 2014"]
[Source "ChessBase"]
[SourceDate "2013.11.20"]
[SourceVersion "1"]
[SourceVersionDate "2013.11.20"]
[SourceQuality "1"]

1. e4 c6 2. d4 d5 3. Nc3 dxe4 4. Nxe4 Nd7 5. Bc4 Ngf6 6. Ng3 e6 7. Nf3 Bd6 8. 0-0 0-0 9. c3 Qc7 10. Bb3 b6 11. Bc2 Bb7 12. Bg5 c5 13. Qd3 Bxg3 14. fxg3 Rfd8 15. dxc5 Nxc5 16. Qe2 Ba6 17. c4 Ncd7 18. b3 h6 19. Bf4 Qc5+ 20. Qe3 b5 21. Qxc5 Nxc5 22. cxb5 Bxb5 23. Rfd1 Nd5 24. Bd2 Be2 25. Re1 Bd3 26. Bd1 Ne4 27. Ba5 Rd6 28. Ne5 Ndf6 29. Nxd3 Rxd3 30. Bc2 Rd5 31. Rxe4 Rxa5 32. Rc4 Rd8 33. a4 Rad5 34. Rf4 Rd2 35. Rc1 Nd5 36. Rf2 Nc3 37. Rxd2 Rxd2 38. Bh7+ Kxh7 39. Rxc3 Kg6 40. Rc7 a5 41. Rc5 Rd5 42. Rb5 Kf5 43. b4 axb4 44. Rxb4 e5 45. Kf2 Rd3 46. Ke2 Ra3 47. g4+ Kg5 48. Re4 f6 49. Kf2 Kg6 50. Rb4 Kf7 51. Rb7+ Kg6 52. Rb4 Kf7 53. Rb7+ Kg8 54. Rb8+ Kh7 55. Rb4 g5 56. Rc4 Kg6 57. Rb4 h5 58. gxh5+ Kxh5 59. g4+ Kh4 60. Re4 Ra2+ 61. Kf1 Kh3 62. Ke1 Kxh2 63. Re2+ Rxe2+ 64. Kxe2 Kg3 65. a5 Kxg4 66. a6 Kg3 67. a7 f5 68. a8Q g4 69. Qd5 e4 70. Qxf5 Kh3 71. Qxe4 g3 72. Kf1 1-0

[Event "POR-ch U16"]
[Site "Braga"]
[Date "2013.08.03"]
[Round "2.10"]
[White "Mendes, Ines Goncalves Alve"]
[Black "Duarte, Filipe Lapa"]
[Result "1-0"]
[WhiteElo "1507"]
[BlackElo "1355"]
[PlyCount "123"]
[EventDate "2013.08.02"]
[EventType "swiss"]
[EventRounds "7"]
[EventCountry "POR"]
[SourceTitle "EXT 2015"]
[Source "ChessBase"]
[SourceDate "2014.11.20"]
[SourceVersion "1"]
[SourceVersionDate "2014.11.20"]
[SourceQuality "1"]

1. e4 c5 2. Nc3 Nc6 3. f4 g6 4. Nf3 Bg7 5. Bb5 d6 6. Bxc6+ bxc6 7. d3 e6 8. 0-0 d5 9. e5 Ne7 10. Na4 c4 11. dxc4 Ba6 12. Re1 Bxc4 13. b3 Bb5 14. Nb2 0-0 15. Nd3 Nf5 16. a4 Qb6+ 17. Kh1 Bxd3 18. Qxd3 Bh6 19. g4 Ne7 20. Be3 c5 21. g5 Bg7 22. Kg2 h6 23. Reb1 a5 24. c3 Nf5 25. Bf2 hxg5 26. Nxg5 f6 27. Bxc5 Qxc5 28. Nxe6 Qe3 29. Qxe3 Nxe3+ 30. Kf3 Rfc8 31. Kxe3 Kf7 32. Nxg7 Kxg7 33. Kd4 Rd8 34. Ra2 Ra6 35. Re2 Kf7 36. h3 Ke6 37. exf6+ Kxf6 38. Re5 Rc6 39. Rc1 Rb6 40. Kc5 Rxb3 41. Rxd5 Rxd5+ 42. Kxd5 Ra3 43. c4 Rxa4 44. c5 Rxf4 45. Ra1 Rf5+ 46. Kd6 Rf3 47. h4 Rd3+ 48. Kc7 Kf5 49. Rxa5 Kg4 50. Ra4+ Kf5 51. c6 Ke6 52. Kc8 Rc3 53. c7 Ke5 54. Rb4 Kd6 55. Rb6+ Kd5 56. Rxg6 Rf3 57. Kd7 Rf7+ 58. Kc8 Rf8+ 59. Kb7 Rf7 60. h5 Rh7 61. Rg8 Rf7 62. Kb8 1-0